Score 0/32 Timer 05:00
0 Plays Today
Clue Answer % Correct
'So You Think You Can _____'DANCE
98.5%
Bicyclist ArmstrongLANCE
97.1%
Blue-haired SimpsonMARGE
92.9%
Leo Tolstoy novel 'War and _____'PEACE
91%
Fuzzy fruitPEACH
90.7%
Cook an egg or illegally huntPOACH
89.8%
Like sandpaperROUGH
87.5%
Often seen in the corner with a conical hat onDUNCE
87.2%
Sirius Black's residence, 12 Grimmauld _____PLACE
84.8%
Fifth sense or Doors song '_____ Me'TOUCH
83.6%
Best occupied by rocking chair and pitcher of iced teaPORCH
82.8%
Strong and physically robustTOUGH
82.2%
Mob necessity (along with pitchforks)TORCH
81.6%
Dinner chinaPLATE
81%
Cosmetic for coloring face; pinch cheeks if outROUGE
79.9%
Shape a metal object by heating in a fireFORGE
72.5%
Clue Answer % Correct
Eat too much or a narrow valley between hillsGORGE
71.6%
Flat piece of rockSLATE
70.1%
City in North Dakota or film by the Coen BrothersFARGO
70%
'The _____ Life of Zach & Cody'SUITE
69.8%
Skin illness of mammals causing itching and hair lossMANGE
68.2%
Documentary photographer DorotheaLANGE
66%
Omit or decline to take; refrain fromFORGO
65.9%
MarĂ­a Marguerita Guadalupe Teresa Estela BoladoMARGO
65.3%
Force something out or Pixies song '_____ Away'GOUGE
63.4%
Utmost or certainly; 'Not _____ Human'QUITE
46.1%
32 of [First Rung] (fl) in [Last Rung]OUNCE
34.1%
Desire to hurt someoneSPITE
26%
Number of similar events occuring in successionSPATE
25.9%
32 of [First Rung] (fl) in [Last Rung]QUART
23.6%
One twentieth of a ream of paperQUIRE
21.2%
Short-handled riding whip with a braided leather sashQUIRT
17.9%

Today's Daily Dose

Missing Word
I Hardly Know Her!

Word Ladder
Sentence Ending

Quick Pick
Female Firsts

Get the Picture
Triathlon Sports

Remove Ads.
Support Sporcle.
Get the best of Sporcle when you Go Orange. This ad-free experience offers more features, more stats, and more fun while also helping to support Sporcle. Thank you for becoming a member.

You're not logged in!

Compare scores with friends on all Sporcle quizzes.
OR
Log In

Show Comments

Extras

Top Quizzes Today


Score Distribution

Your Account Isn't Verified!

In order to create a playlist on Sporcle, you need to verify the email address you used during registration. Go to your Sporcle Settings to finish the process.

Report this User

Report this user for behavior that violates our Community Guidelines.

Details: